000 00612nam a22002177i 4500
003 URS
005 20220114152528.0
008 170207b xxu||||| |||| 00| 0 eng d
020 _a0486289990
040 _erda
_cURSP-College Library
_beng
050 _bF5761 1996
100 1 _aFitzgerald, F. Scott
245 _aThis Side of Paradise
_cF. Scott Fitzgerald
264 1 _aNew York
_bDover Publications, Incorporated
_c1996.
300 _a192pages
_c21cm.
336 _atext
_btxt
_2rdacontent
337 _aunmediated
_bn
_2rdamedia
338 _avolume
_bnc
_2rdacarrier
500 _aIncludes
942 _2lcc
_cFR
999 _c6804
_d6804